Les Chefs-d'oeuvre d'art á l'exposition universelle 1878 / (Record no. 32198)
[ view plain ]
| 000 -LEADER | |
|---|---|
| campo de control de longitud fija | 00617nam a2200181 i 4500 |
| 001 - NÚMERO DE CONTROL | |
| campo de control | 32198 |
| 003 - IDENTIFICADOR DE NÚMERO DE CONTROL | |
| campo de control | ES-MaACL |
| 005 - FECHA Y HORA DE LA ÚLTIMA TRANSACCIÓN | |
| campo de control | 20251004063055.0 |
| 007 - CAMPO FIJO DE DESCRIPCIÓN FÍSICA--INFORMACIÓN GENERAL | |
| campo de control de longitud fija | t| |
| 008 - DATOS DE LONGITUD FIJA--INFORMACIÓN GENERAL | |
| campo de control de longitud fija | 030130s1878 fr ||||1| fre d |
| 100 1# - ENTRADA PRINCIPAL--NOMBRE DE PERSONA | |
| Nombre de persona | Bergerat, Emile, |
| Fechas asociadas al nombre | 1845-1923 |
| 9 (RLIN) | 27974 |
| 245 14 - MENCIÓN DEL TÍTULO | |
| Título | Les Chefs-d'oeuvre d'art á l'exposition universelle 1878 / |
| Mención de responsabilidad, etc. | sous la direction de M.E. Bergerat. |
| 260 ## - PUBLICACIÓN, DISTRIBUCIÓN, ETC. | |
| Lugar de publicación, distribución, etc. | París : |
| Nombre del editor, distribuidor, etc. | Baschet, |
| Fecha de publicación, distribución, etc. | 1878 ( |
| Fabricante | Bernard) |
| 300 ## - DESCRIPCIÓN FÍSICA | |
| Extensión | 2 v. (166, 207 p.) , 39 lám. : |
| Otras características físicas | il. ; |
| Dimensiones | 45 cm. |
| 711 2# - ENTRADA AGREGADA--NOMBRE DE REUNIÓN | |
| Nombre de congreso/reunión o jurisdicción como elemento de entrada | Exposition Universelle ( |
| Fecha del congreso o de la firma del tratado | 1878. |
| Sede del congreso/Lugar de la reunión | Paris) |
| 9 (RLIN) | 135143 |
| 852 ## - LOCALIZACIÓN | |
| Ubicación | ES-MaACL |
| Número de control de estantería | C-2195-96 |
| Estatus retirado | Estado de pérdida | Estado de daño | No para préstamo | Colección | Biblioteca de origen | Biblioteca actual | Ubicación en estantería | Fecha de adquisición | Fuente de adquisición | Total de préstamos | Signatura topográfica completa | Código de barras | Visto por última vez | Precio de reemplazo | Tipo de ítem Koha |
|---|---|---|---|---|---|---|---|---|---|---|---|---|---|---|---|
| Libros del s. XIX | Biblioteca del Ateneo de Madrid | Biblioteca del Ateneo de Madrid | Sala Palomar | 17/01/2008 | C-2195-96 | 1033332 | 23/02/2023 | 23/02/2023 | Libro impreso antiguo |
